[Event "1.Spand. W-Open 2015"]
[Site "Berlin"]
[Date "2015.12.30"]
[Round "7.2"]
[White "Rietze, Clemens"]
[Black "Mischuk, Dmitry"]
[Result "1-0"]
[WhiteElo "2302"]
[BlackElo "2332"]
[PlyCount "83"]
[EventDate "2015.??.??"]
[WhiteTeam "SC Rotation Pankow e.V."]
[BlackTeam "Ukraine"]
[BlackTeamCountry "UKR"]

1. d4 Nf6 2. c4 g6 3. Nc3 Bg7 4. e4 d6 5. f3 O-O 6. Be3 c6 7. Qd2 Nbd7 8. Bd3
a6 9. Nge2 b5 10. O-O Bb7 11. b4 a5 12. a3 bxc4 13. Bxc4 d5 14. Bd3 dxe4 15.
Nxe4 Nxe4 16. Bxe4 Nf6 17. Nc3 Qd6 18. Na4 Ba6 19. Rfd1 axb4 20. axb4 Nxe4 21.
fxe4 Bb5 22. Nc5 h5 23. Ra5 Rab8 24. Ra7 Rfd8 25. Qa2 e6 26. Qf2 Qf8 27. Bg5
Ra8 28. Nd7 Rxa7 29. Nxf8 Rxd4 30. Qxd4 Bxd4+ 31. Rxd4 f6 32. Bh6 Kf7 33. h4 c5
34. bxc5 e5 35. Rd6 Ra1+ 36. Kh2 Ra2 37. Nd7 Rc2 38. Be3 Ke7 39. Nxf6 Bf1 40.
Nd5+ Ke8 41. Nc7+ Kf7 42. Rd7+ 1-0

[Event "1.Spand. W-Open 2015"]
[Site "Berlin"]
[Date "2015.12.29"]
[Round "5.20"]
[White "Rudolph, Stephanie"]
[Black "Reck, Jessica"]
[Result "1-0"]
[WhiteElo "1844"]
[BlackElo "1659"]
[PlyCount "58"]
[EventDate "2015.??.??"]
[WhiteTeam "SV Schachfreunde Friedrichshagen"]
[BlackTeam "VfB Hermsdorf e.V."]

1. d4 Nf6 2. Nf3 d6 3. c4 Nbd7 4. Nc3 e5 5. e4 g6 6. h3 Bg7 7. d5 Nc5 8. Bd3
Nxd3+ 9. Qxd3 O-O 10. g4 a6 11. Be3 Bd7 12. b4 Qe7 13. a4 b5 14. c5 bxa4 15. c6
Bc8 16. Rxa4 h5 17. g5 Nh7 18. h4 f6 19. gxf6 Qxf6 20. Ng5 Nxg5 21. hxg5 Qf3
22. Rg1 h4 23. Qe2 Qh3 24. Kd2 Qh2 25. Raa1 Qh3 26. Rh1 Qf3 27. Qxf3 Rxf3 28.
Rxh4 Rb8 29. Ra4 Bh3 1-0

[Event "1.Spand. W-Open 2015"]
[Site "Berlin"]
[Date "2015.12.29"]
[Round "6.12"]
[White "Rudolph, Stephanie"]
[Black "Venske, Kai-Gerrit"]
[Result "0-1"]
[WhiteElo "1844"]
[BlackElo "2145"]
[PlyCount "32"]
[EventDate "2015.??.??"]
[WhiteTeam "SV Schachfreunde Friedrichshagen"]
[BlackTeam "SC Weisse Dame e.V."]

1. d4 f5 2. e4 fxe4 3. Nc3 Nf6 4. d5 c6 5. Bg5 Qa5 6. Qd4 Nxd5 7. Bd2 Nxc3 8.
Bxc3 Qd5 9. Qe3 d6 10. Rd1 Qf5 11. g3 Qg6 12. Bg2 Bf5 13. Ne2 e5 14. O-O Be7
15. f3 exf3 16. Qxf3 O-O 0-1

[Event "1.Spand. W-Open 2015"]
[Site "Berlin"]
[Date "2015.12.29"]
[Round "6.18"]
[White "Scheide, Helmut"]
[Black "Gude, Michael"]
[Result "1-0"]
[WhiteElo "1948"]
[BlackElo "1732"]
[PlyCount "77"]
[EventDate "2015.??.??"]
[WhiteTeam "USV Potsdam e.V., Abt. Schach"]
[BlackTeam "SF Fürth 1951 e.V."]

1. Nf3 f5 2. d4 Nf6 3. c4 e6 4. g3 Bb4+ 5. Bd2 Be7 6. Nc3 O-O 7. Rc1 c6 8. d5
Ne4 9. Bg2 Nxd2 10. Qxd2 d6 11. dxe6 Bxe6 12. b3 Na6 13. O-O Bf6 14. Rfd1 d5
15. Qe1 Qe7 16. Nd4 Bxd4 17. Rxd4 dxc4 18. bxc4 Rad8 19. e3 Qf7 20. Qd2 Qf6 21.
Ne2 Bf7 22. Nf4 Rxd4 23. exd4 Rd8 24. d5 g5 25. Ne2 Nc5 26. Qa5 b6 27. Qxa7
cxd5 28. cxd5 Re8 29. Nc3 Nd3 30. Rc2 Qd4 31. Qa3 Ne1 32. Rc1 Nd3 33. Rf1 Ne1
34. d6 Bc4 35. Qa4 Nxg2 36. Qxe8+ Kg7 37. d7 Nh4 38. d8=Q Nf3+ 39. Kh1 1-0

[Event "1.Spand. W-Open 2015"]
[Site "Berlin"]
[Date "2015.12.29"]
[Round "4.5"]
[White "Scheide, Helmut"]
[Black "Jahnel, Günther"]
[Result "0-1"]
[WhiteElo "1948"]
[BlackElo "2309"]
[PlyCount "84"]
[EventDate "2015.??.??"]
[WhiteTeam "USV Potsdam e.V., Abt. Schach"]
[BlackTeam "FVS ASP Hoyerswerda"]

1. Nf3 Nf6 2. d4 g6 3. c4 Bg7 4. e3 O-O 5. Nbd2 c5 6. Bd3 cxd4 7. exd4 d5 8. c5
b6 9. Nb3 Bb7 10. O-O Ne4 11. Bf4 Nc6 12. cxb6 Qxb6 13. Rc1 Rac8 14. Nc5 Nxc5
15. dxc5 Qd8 16. Re1 Re8 17. Bb5 Bxb2 18. Rb1 Bg7 19. Ba4 Ba8 20. Ne5 e6 21.
Nxc6 Bxc6 22. Bxc6 Rxc6 23. Rb8 Qd7 24. Rxe8+ Qxe8 25. Qxd5 Qc8 26. Qg5 Rxc5
27. Rc1 Rxc1+ 28. Bxc1 Qc2 29. Qd2 Qc4 30. g3 h5 31. a3 Bd4 32. Bb2 e5 33. h3
Qa2 34. Bc1 Qb3 35. Kg2 Qd5+ 36. f3 a5 37. Qc2 Kh7 38. a4 Bb6 39. Qe2 Qd4 40.
Qe1 Qxa4 41. Bd2 Qc2 42. h4 a4 0-1

[Event "1.Spand. W-Open 2015"]
[Site "Berlin"]
[Date "2015.12.27"]
[Round "2.7"]
[White "Scheide, Helmut"]
[Black "Odnorozhenko, Evgenyi"]
[Result "1/2-1/2"]
[WhiteElo "1948"]
[BlackElo "2302"]
[PlyCount "59"]
[EventDate "2015.??.??"]
[WhiteTeam "USV Potsdam e.V., Abt. Schach"]
[BlackTeam "Ukraine"]
[BlackTeamCountry "UKR"]

1. d4 e6 2. c4 Nf6 3. Nc3 Bb4 4. e3 c5 5. Bd3 Nc6 6. Nf3 Bxc3+ 7. bxc3 d6 8.
O-O e5 9. Qc2 O-O 10. d5 Ne7 11. Nd2 Ng6 12. f4 exf4 13. exf4 Re8 14. Nf3 Ng4
15. Ng5 Ne3 16. Bxe3 Rxe3 17. Rae1 Rxe1 18. Rxe1 Nxf4 19. Bxh7+ Kf8 20. Nxf7
Kxf7 21. Rf1 Qf6 22. g3 g5 23. h4 Kg7 24. gxf4 gxf4 25. Qe4 Kh6 26. Rxf4 Qg7+
27. Kh1 Bh3 28. Bf5 Rg8 29. Qe6+ Kh5 30. Qe2+ 1/2-1/2

[Event "1.Spand. W-Open 2015"]
[Site "Berlin"]
[Date "2015.12.27"]
[Round "1.4"]
[White "Schmidt, Johannes"]
[Black "Mischuk, Dmitry"]
[Result "0-1"]
[WhiteElo "1693"]
[BlackElo "2332"]
[PlyCount "52"]
[EventDate "2015.??.??"]
[WhiteTeam "SC Turm Lüneburg e.V."]
[BlackTeam "Ukraine"]
[BlackTeamCountry "UKR"]

1. d4 Nf6 2. Nf3 d5 3. Bf4 c5 4. dxc5 Qa5+ 5. c3 Qxc5 6. Bxb8 Rxb8 7. Nbd2 g6
8. Nb3 Qb6 9. Qd4 Bg7 10. Qxb6 axb6 11. e3 O-O 12. Bd3 Nd7 13. O-O Nc5 14. Bc2
Na4 15. Rab1 Bd7 16. Nbd4 Nc5 17. b4 Na4 18. Bxa4 Bxa4 19. b5 e5 20. Ne2 Rfc8
21. Rfc1 Rc5 22. c4 Rxc4 23. Rxc4 dxc4 24. Rb4 Bc2 25. Ne1 Bd3 26. Nc1 e4 0-1

[Event "1.Spand. W-Open 2015"]
[Site "Berlin"]
[Date "2015.12.27"]
[Round "1.9"]
[White "Schulz, Michael"]
[Black "Gericke, Nicholas"]
[Result "1-0"]
[WhiteElo "2180"]
[BlackElo "1646"]
[PlyCount "43"]
[EventDate "2015.??.??"]
[WhiteTeam "SC Empor Potsdam 1952 e.V."]
[BlackTeam "SC Caissa Falkensee e.V."]

1. d4 Nf6 2. Bg5 e6 3. Nd2 Be7 4. e3 d5 5. Bd3 Nbd7 6. Ngf3 c5 7. c3 a6 8. h4
h6 9. Bxf6 Nxf6 10. Ne5 Bd7 11. Qf3 Bd6 12. g4 Bc6 13. Nxc6 bxc6 14. O-O-O Qa5
15. dxc5 Bxc5 16. Nb3 Qxa2 17. Nxc5 Rb8 18. Rd2 Qa1+ 19. Bb1 Ne4 20. Nxe4 dxe4
21. Qxe4 O-O 22. Qh7# 1-0

[Event "1.Spand. W-Open 2015"]
[Site "Berlin"]
[Date "2015.12.29"]
[Round "5.9"]
[White "Schulz, Michael"]
[Black "Hartmann, Jakob"]
[Result "1/2-1/2"]
[WhiteElo "2180"]
[BlackElo "1932"]
[PlyCount "40"]
[EventDate "2015.??.??"]
[WhiteTeam "SC Empor Potsdam 1952 e.V."]
[BlackTeam "SV Königsjäger Süd-West e.V."]

1. d4 d5 2. Bf4 Nf6 3. e3 e6 4. Nd2 Bd6 5. Bg3 c5 6. c3 O-O 7. Bd3 Nc6 8. Ngf3
Qe7 9. Ne5 Nd7 10. Nxd7 Bxd7 11. Bxd6 Qxd6 12. O-O e5 13. dxc5 Qxc5 14. Bc2
Rad8 15. Qh5 g6 16. Qh6 Qe7 17. Bb3 Be6 18. Nf3 f6 19. Rad1 Na5 20. Bc2 Nc4
1/2-1/2

[Event "1.Spand. W-Open 2015"]
[Site "Berlin"]
[Date "2015.12.28"]
[Round "3.7"]
[White "Schulz, Michael"]
[Black "Sidabras, Ignas"]
[Result "1/2-1/2"]
[WhiteElo "2180"]
[BlackElo "1732"]
[PlyCount "80"]
[EventDate "2015.??.??"]
[WhiteTeam "SC Empor Potsdam 1952 e.V."]
[BlackTeam "Litauen"]
[BlackTeamCountry "LTU"]

1. e4 e6 2. Nf3 d5 3. e5 c5 4. b4 cxb4 5. d4 Bd7 6. Bd3 Nc6 7. O-O Qb6 8. Be3
Nh6 9. c4 bxc3 10. Nxc3 a6 11. Rb1 Qc7 12. Qd2 b5 13. Rfc1 Qa7 14. Bxh6 gxh6
15. Qf4 Bg7 16. Bxb5 O-O 17. Bxc6 Bxc6 18. Ne2 Bb5 19. Ng3 Bd3 20. Rb3 Bg6 21.
Rbc3 Rab8 22. h4 h5 23. Qg5 h6 24. Qd2 Rb7 25. Qe2 Rfb8 26. Rc8+ Kh7 27. Nxh5
Rb2 28. Ng5+ hxg5 29. Qg4 Rxc8 30. Rxc8 Rb8 31. Rc3 Bxh5 32. Qxh5+ Kg8 33. Qxg5
Rb1+ 34. Kh2 Qb8 35. Rg3 Qf8 36. Qd2 Qb4 37. Rxg7+ Kxg7 38. Qg5+ Kf8 39. Qd8+
Kg7 40. Qg5+ Kf8 1/2-1/2

[Event "1.Spand. W-Open 2015"]
[Site "Berlin"]
[Date "2015.12.29"]
[Round "4.6"]
[White "Sidabras, Ignas"]
[Black "Odnorozhenko, Evgenyi"]
[Result "0-1"]
[WhiteElo "1732"]
[BlackElo "2302"]
[PlyCount "110"]
[EventDate "2015.??.??"]
[WhiteTeam "Litauen"]
[BlackTeam "Ukraine"]
[WhiteTeamCountry "LTU"]
[BlackTeamCountry "UKR"]

1. d4 e6 2. Nf3 f5 3. g3 Nf6 4. Bg2 d5 5. Bf4 c5 6. c4 Qb6 7. Qb3 dxc4 8. Qxb6
axb6 9. dxc5 Bxc5 10. Ne5 Nd5 11. Nxc4 Nxf4 12. gxf4 Ra4 13. Nbd2 Nc6 14. O-O
b5 15. b3 Ra8 16. Nb2 Bd4 17. Rfb1 Nb4 18. a3 Nc2 19. Ra2 Nb4 20. Raa1 Ke7 21.
axb4 Rxa1 22. Rxa1 Bxb2 23. Ra5 Bc1 24. Nf1 Bxf4 25. Rxb5 Bc7 26. Bxb7 Bd7 27.
Rc5 Bd6 28. Rc2 Bxb4 29. Bf3 Rb8 30. Rc7 Kd6 31. Rb7 Rxb7 32. Bxb7 Bb5 33. Bf3
g5 34. h3 e5 35. Ng3 e4 36. Bg2 Ke5 37. Bf1 f4 38. Nh1 Bc5 39. Kg2 Bc6 40. f3
e3 41. h4 g4 42. Ng3 gxf3+ 43. exf3 fxg3 44. Kxg3 Bd5 45. h5 h6 46. Kg4 Be6+
47. Kg3 Bxb3 48. Be2 Kd4 49. Kf4 Bc4 50. Bd1 e2 51. Bxe2 Bxe2 52. Kf5 Bxf3 53.
Kg6 Bf8 54. Kf7 Bd6 55. Kg6 Bf4 0-1

[Event "1.Spand. W-Open 2015"]
[Site "Berlin"]
[Date "2015.12.28"]
[Round "3.16"]
[White "Steppan, Siegfried"]
[Black "Francke, Jörg"]
[Result "0-1"]
[WhiteElo "1647"]
[BlackElo "1985"]
[PlyCount "70"]
[EventDate "2015.??.??"]
[WhiteTeam "SV Werder/H."]
[BlackTeam "SC Weisse Dame e.V."]

1. d4 f5 2. c4 Nf6 3. Nc3 b6 4. Nf3 Bb7 5. e3 e6 6. Be2 Be7 7. O-O O-O 8. Qc2
Na6 9. a3 c5 10. b3 Nc7 11. Bb2 Qe8 12. Ne5 d6 13. Nf3 Qg6 14. d5 Ng4 15. h3
Nh6 16. Rad1 e5 17. Kh1 Bc8 18. Rg1 Qf7 19. Nxe5 dxe5 20. d6 Bh4 21. Bf3 e4 22.
dxc7 exf3 23. gxf3 Bb7 24. Rxg7+ Qxg7 25. Nd5 Bxd5 26. cxd5 Qxc7 27. Rg1+ Ng4
28. fxg4 f4 29. e4 Bf6 30. Bxf6 Rxf6 31. Qc3 Qf7 32. Qf3 Rd6 33. Rd1 Re8 34.
Rg1 Qe7 35. Re1 Rxd5 0-1

[Event "1.Spand. W-Open 2015"]
[Site "Berlin"]
[Date "2015.12.27"]
[Round "1.8"]
[White "Steppan, Siegfried"]
[Black "Rietze, Clemens"]
[Result "0-1"]
[WhiteElo "1647"]
[BlackElo "2302"]
[PlyCount "40"]
[EventDate "2015.??.??"]
[WhiteTeam "SV Werder/H."]
[BlackTeam "SC Rotation Pankow e.V."]

1. d4 f5 2. c4 Nf6 3. Nc3 d6 4. Nf3 g6 5. g3 Bg7 6. Bg2 O-O 7. O-O Qe8 8. Qc2
h6 9. e4 fxe4 10. Nxe4 Nxe4 11. Qxe4 Nc6 12. Be3 Bf5 13. Qd5+ e6 14. Qb5 Be4
15. Nh4 Bxg2 16. Kxg2 g5 17. Nf3 Rf5 18. Qxb7 Rb8 19. Qxc7 Rf7 20. Qxd6 Bf8 0-1

[Event "1.Spand. W-Open 2015"]
[Site "Berlin"]
[Date "2015.12.29"]
[Round "5.18"]
[White "Steppan, Siegfried"]
[Black "Warnke, Klaus"]
[Result "0-1"]
[WhiteElo "1647"]
[BlackElo "1700"]
[PlyCount "54"]
[EventDate "2015.??.??"]
[WhiteTeam "SV Werder/H."]
[BlackTeam "Ohtmisser SV"]

1. d4 Nf6 2. c4 g6 3. Nc3 Bg7 4. e4 d6 5. h3 O-O 6. Bg5 Nbd7 7. Nf3 c5 8. d5 a6
9. a4 Ne8 10. Qc2 Ne5 11. Nxe5 Bxe5 12. Bh6 Ng7 13. Bd3 f5 14. exf5 Bxf5 15.
Bxf5 Rxf5 16. O-O Qf8 17. Ne4 Rh5 18. Bxg7 Kxg7 19. Ng3 Rh4 20. Ra3 Qf4 21. b3
Rf8 22. Ra2 Bd4 23. Qd3 Be5 24. Re2 Qg5 25. Re4 Bxg3 26. fxg3 Rxf1+ 27. Kxf1
Qf5+ 0-1

[Event "1.Spand. W-Open 2015"]
[Site "Berlin"]
[Date "2015.12.29"]
[Round "5.16"]
[White "Sulayev, Daniel"]
[Black "Baier, Reinhard"]
[Result "1/2-1/2"]
[WhiteElo "1767"]
[BlackElo "1971"]
[PlyCount "88"]
[EventDate "2015.??.??"]
[WhiteTeam "Schachpinguine Berlin e.V."]
[BlackTeam "BSG 1827 Eckbauer e.V."]

1. e4 c5 2. Nf3 d6 3. d4 cxd4 4. Qxd4 Nf6 5. Bg5 Bd7 6. Nc3 Nc6 7. Qd2 Qa5 8.
Bxf6 gxf6 9. Nd5 Qxd2+ 10. Nxd2 Rc8 11. c3 f5 12. f3 h5 13. Be2 h4 14. O-O-O
Bh6 15. Kb1 Be6 16. Nc4 fxe4 17. fxe4 b5 18. Nce3 a6 19. Rhf1 Na5 20. Ka1 Rc5
21. Kb1 Rg8 22. Rf2 Bg5 23. Ka1 Nc4 24. Bxc4 bxc4 25. Rdf1 a5 26. Kb1 f5 27.
Nxf5 Bxd5 28. exd5 Rxd5 29. Re2 Kd7 30. Nd4 Bf6 31. Nc2 Rdg5 32. Rff2 Be5 33.
h3 Kc6 34. Ne3 Kc5 35. Ng4 Bg3 36. Rf7 R8g7 37. Rfxe7 Rxe7 38. Rxe7 Rf5 39. Re2
Rf1+ 40. Kc2 Bf4 41. b3 d5 42. Kb2 Bc1+ 43. Kc2 Bf4 44. Kb2 Bc1+ 1/2-1/2

[Event "1.Spand. W-Open 2015"]
[Site "Berlin"]
[Date "2015.12.27"]
[Round "1.6"]
[White "Tham, Minh"]
[Black "Ackermann, Hans Werner"]
[Result "0-1"]
[WhiteElo "1667"]
[BlackElo "2305"]
[PlyCount "82"]
[EventDate "2015.??.??"]
[WhiteTeam "SC Weisse Dame e.V."]
[BlackTeam "SSC Rostock 07"]

1. e4 d6 2. d4 Nf6 3. Nc3 Nbd7 4. Be3 e5 5. Nf3 Be7 6. Bc4 O-O 7. O-O c6 8. Qe2
b5 9. Bb3 b4 10. dxe5 dxe5 11. Nb1 Ng4 12. Nbd2 a5 13. Bc4 Nxe3 14. Qxe3 Bc5
15. Qe2 Qf6 16. Rfe1 Nb6 17. Bd3 Bg4 18. Rac1 Na4 19. Rb1 Bd4 20. Nc4 Rfd8 21.
h3 Bxf3 22. Qxf3 Qxf3 23. gxf3 Kf8 24. Kf1 Ra7 25. Ke2 Nc5 26. Rg1 Ne6 27. Rh1
f6 28. Rh2 Bc5 29. Rd1 Nd4+ 30. Kf1 Nxf3 31. Rh1 a4 32. Kg2 Ng5 33. Kf1 Nxe4
34. Rh2 Ng5 35. h4 Ne6 36. Ra1 Nf4 37. Rd1 b3 38. a3 Rd4 39. f3 bxc2 40. Bxc2
Rxc4 41. Rd8+ Ke7 0-1

[Event "1.Spand. W-Open 2015"]
[Site "Berlin"]
[Date "2015.12.27"]
[Round "1.14"]
[White "Tham, Nam"]
[Black "Giese, Reinhard"]
[Result "0-1"]
[WhiteElo "1611"]
[BlackElo "2141"]
[PlyCount "158"]
[EventDate "2015.??.??"]
[WhiteTeam "SC Weisse Dame e.V."]
[BlackTeam "SC Zitadelle Spandau 1977 e.V."]

1. e4 c5 2. Nf3 d6 3. d4 cxd4 4. c3 d3 5. Bxd3 Nf6 6. Bf4 e5 7. Be3 Be7 8. O-O
O-O 9. Nbd2 Ng4 10. Qe2 Nxe3 11. Qxe3 Nd7 12. Rad1 Nc5 13. Bc2 Bg4 14. h3 Bd7
15. Nc4 Qc7 16. b3 Ne6 17. Qe2 Rfd8 18. Ne3 Nf4 19. Nd5 Nxd5 20. exd5 Rac8 21.
Rc1 h6 22. Rfd1 Qa5 23. Bb1 f5 24. Qb2 b5 25. a3 Bf6 26. b4 Qb6 27. Ba2 Rf8 28.
Nh2 e4 29. Qb3 Bg5 30. Rc2 f4 31. c4 f3 32. gxf3 Rxc4 33. Rxc4 bxc4 34. Qxc4
exf3 35. Rd3 Bb5 36. Qd4 Bxd3 37. Qxd3 Bh4 38. Qc2 Qd8 39. Qg6 Rf6 40. Qg4 Qe8
41. Qc4 Qe1+ 42. Qf1 Bxf2+ 43. Kh1 Qe2 44. Bc4 Qxf1+ 45. Bxf1 Bg3 46. Ng4 Rf4
47. Kg1 Kf7 48. Bb5 Re4 49. Nf2 Re1+ 50. Bf1 Bh2+ 51. Kxh2 Rxf1 52. Kg3 Ra1 53.
Kxf3 Rxa3+ 54. Ke4 Ra4 55. Nd3 a5 56. Kd4 Rxb4+ 57. Nxb4 axb4 58. Kc4 Kf6 59.
Kxb4 Ke5 60. Kc4 g5 61. Kc3 Kxd5 62. Kd3 h5 63. Ke3 g4 64. hxg4 hxg4 65. Kf4
Kc4 66. Kxg4 d5 67. Kf3 Kc3 68. Ke2 d4 69. Kd1 Kd3 70. Ke1 Kc2 71. Ke2 d3+ 72.
Ke3 d2 73. Ke2 d1=Q+ 74. Ke3 Qd5 75. Kf4 Kd2 76. Kg4 Ke3 77. Kg3 Qg5+ 78. Kh2
Kf3 79. Kh1 Qg2# 0-1

[Event "1.Spand. W-Open 2015"]
[Site "Berlin"]
[Date "2015.12.27"]
[Round "2.11"]
[White "Tiarks, Jann-Christian"]
[Black "Baumgardt, Uwe"]
[Result "1/2-1/2"]
[WhiteElo "1836"]
[BlackElo "2165"]
[PlyCount "94"]
[EventDate "2015.??.??"]
[WhiteTeam "SC Empor Potsdam 1952 e.V."]
[BlackTeam "SC Zitadelle Spandau 1977 e.V."]

1. e4 d6 2. d4 Nf6 3. Nc3 g6 4. Nf3 Bg7 5. Bc4 c6 6. O-O b5 7. Bd3 O-O 8. Re1
Bg4 9. h3 Bxf3 10. Qxf3 e5 11. dxe5 dxe5 12. Be3 Nbd7 13. a3 Qc7 14. Rad1 a6
15. Rd2 Rfe8 16. Bf1 Nf8 17. Bc5 Rad8 18. Red1 Rxd2 19. Rxd2 Rd8 20. Qe3 Rxd2
21. Qxd2 Ne6 22. Be3 Nd4 23. Bxd4 exd4 24. Qxd4 Ng4 25. e5 Nxe5 26. Qc5 Bf8 27.
Qd4 Bg7 28. Qc5 Nd7 29. Qe3 Nf8 30. g3 Ne6 31. Bg2 Bd4 32. Qd3 Qe5 33. Ne2 Bxb2
34. Bxc6 Qc5 35. Bb7 Qb6 36. Bd5 Qd6 37. Nf4 Bxa3 38. Nxe6 fxe6 39. Bxe6+ Qxe6
40. Qxa3 Qe1+ 41. Kg2 Qe4+ 42. Kg1 Qxc2 43. Qxa6 Qc5 44. Qe6+ Kg7 45. Qd7+ Kh6
46. Qd2+ Kg7 47. Qd7+ Kg8 1/2-1/2

[Event "1.Spand. W-Open 2015"]
[Site "Berlin"]
[Date "2015.12.29"]
[Round "4.8"]
[White "Tiarks, Jann-Christian"]
[Black "Odnorozhenko, Kateryna"]
[Result "0-1"]
[WhiteElo "1836"]
[BlackElo "2125"]
[PlyCount "73"]
[EventDate "2015.??.??"]
[WhiteTeam "SC Empor Potsdam 1952 e.V."]
[BlackTeam "Ukraine"]
[BlackTeamCountry "UKR"]

1. e4 e5 2. Nf3 Nc6 3. d4 exd4 4. Nxd4 Bc5 5. Nb3 Bb6 6. Nc3 Qf6 7. Qe2 Nge7 8.
Be3 O-O 9. O-O-O d6 10. h4 Bxe3+ 11. Qxe3 Be6 12. Be2 a5 13. g4 Ng6 14. h5 Nf4
15. Bb5 Bxg4 16. Rdg1 Bxh5 17. Nd5 Nxd5 18. exd5 a4 19. Bxa4 Rxa4 20. Rxh5 Rxa2
21. Qd3 g6 22. dxc6 Qxb2+ 23. Kd2 bxc6 24. f4 Rb8 25. Rh3 Ra3 26. Ke1 Re8+ 27.
Kf2 Ra4 28. Rf3 c5 29. f5 Qf6 30. fxg6 Qh4+ 31. Rgg3 hxg6 32. Qb5 Rae4 33. Nc1
Re1 34. c3 R8e7 35. Qb2 Qh1 36. Rxg6+ fxg6 37. Qd2 0-1

[Event "1.Spand. W-Open 2015"]
[Site "Berlin"]
[Date "2015.12.29"]
[Round "6.10"]
[White "Tiarks, Jann-Christian"]
[Black "Schulz, Michael"]
[Result "1-0"]
[WhiteElo "1836"]
[BlackElo "2180"]
[PlyCount "93"]
[EventDate "2015.??.??"]
[WhiteTeam "SC Empor Potsdam 1952 e.V."]
[BlackTeam "SC Empor Potsdam 1952 e.V."]

1. e4 e6 2. d4 d5 3. Nc3 Bb4 4. a3 Bxc3+ 5. bxc3 dxe4 6. Qg4 Nf6 7. Qxg7 Rg8 8.
Qh6 b6 9. Bg5 Rg6 10. Qh4 Bb7 11. Ne2 h6 12. Bxh6 Rg4 13. Qh3 Nbd7 14. Qe3 Nd5
15. Qd2 Qh4 16. c4 Ne7 17. Be3 O-O-O 18. O-O-O f5 19. g3 Qh8 20. Bg2 Nc6 21.
Bg5 Rxg5 22. Qxg5 Qf8 23. Qe3 Na5 24. c5 Nf6 25. Nf4 Bd5 26. Qc3 Nc4 27. Nxd5
exd5 28. Bf1 Qh6+ 29. Kb1 Na5 30. h3 Kb8 31. Be2 f4 32. gxf4 Qxf4 33. cxb6 axb6
34. Qe3 Qd6 35. Rdg1 Nc4 36. Bxc4 dxc4 37. Rg6 Qc6 38. Kc1 Rd6 39. Rhg1 c3 40.
R1g3 Nd5 41. Rxd6 Qxd6 42. Qxe4 Ka7 43. Kd1 Qh6 44. Ke1 Qd2+ 45. Kf1 Nf4 46.
Re3 Nh5 47. Kg2 1-0

[Event "1.Spand. W-Open 2015"]
[Site "Berlin"]
[Date "2015.12.27"]
[Round "1.13"]
[White "Venske, Kai-Gerrit"]
[Black "Lehmann, Michael"]
[Result "1-0"]
[WhiteElo "2145"]
[BlackElo "1618"]
[PlyCount "65"]
[EventDate "2015.??.??"]
[WhiteTeam "SC Weisse Dame e.V."]
[BlackTeam "SC Zitadelle Spandau 1977 e.V."]

1. e4 c6 2. d4 d5 3. e5 Bf5 4. Nf3 e6 5. Be2 h6 6. O-O Nd7 7. Be3 Qc7 8. b3 Ne7
9. c4 Bg4 10. Nc3 Nf5 11. cxd5 exd5 12. Qc2 Nb6 13. h3 Bxf3 14. Bxf3 g6 15.
Rad1 Qd7 16. Bf4 Be7 17. Rfe1 Ng7 18. Be3 Ne6 19. Be2 O-O-O 20. a3 Rdg8 21. f4
h5 22. b4 Kb8 23. Rb1 Rc8 24. Qb3 Ng7 25. a4 Nf5 26. Bf2 Rc7 27. a5 Na8 28. b5
Rcc8 29. bxc6 Qxc6 30. Nxd5 Bh4 31. Nb4 Bxf2+ 32. Kxf2 Qe4 33. Na6# 1-0

[Event "1.Spand. W-Open 2015"]
[Site "Berlin"]
[Date "2015.12.28"]
[Round "3.2"]
[White "Venske, Kai-Gerrit"]
[Black "Malek, Daniel"]
[Result "1/2-1/2"]
[WhiteElo "2145"]
[BlackElo "2424"]
[PlyCount "148"]
[EventDate "2015.??.??"]
[WhiteTeam "SC Weisse Dame e.V."]
[BlackTeam "SK Zehlendorf e.V."]

1. d4 Nf6 2. Bg5 d5 3. e3 c6 4. f4 Ne4 5. Bh4 Qb6 6. Qc1 Bf5 7. Nf3 e6 8. Be2
c5 9. c3 Nc6 10. Ne5 Bd6 11. Nxc6 bxc6 12. Nd2 Rb8 13. b3 O-O 14. Nxe4 Bxe4 15.
O-O cxd4 16. exd4 c5 17. Bf2 Rfc8 18. Qd2 cxd4 19. Bxd4 Bc5 20. Rac1 Rc7 21. b4
Bxd4+ 22. cxd4 Rxc1 23. Rxc1 f6 24. a3 e5 25. Rc5 Qd6 26. g3 h6 27. fxe5 fxe5
28. Qc3 Qe6 29. Bd3 Bxd3 30. Qxd3 e4 31. Qb3 Rd8 32. Rc3 Qf6 33. Qd1 Rf8 34.
Rc2 Kh8 35. b5 Qe7 36. a4 Qb4 37. Rf2 Rd8 38. Kg2 Qc3 39. Rc2 Qb3 40. Qc1 Qf3+
41. Kg1 e3 42. Qf1 Qe4 43. Qd1 Re8 44. Re2 Rc8 45. Qe1 Qxd4 46. Rxe3 Rc2 47.
Kh1 Qb2 48. Qf1 Rxh2+ 49. Kg1 Qc2 50. Rc3 Rg2+ 51. Qxg2 Qxc3 52. Qxd5 Qxg3+ 53.
Qg2 Qe1+ 54. Qf1 Qb4 55. Qd1 Qc5+ 56. Kh2 Qe5+ 57. Kh3 Qe3+ 58. Kh2 Qf4+ 59.
Kh3 Qf5+ 60. Kh2 h5 61. Qe2 Kh7 62. a5 Qf4+ 63. Kg2 Kh6 64. b6 Qg5+ 65. Kh3
Qf5+ 66. Kh2 Qf4+ 67. Kh3 h4 68. Qg4 Qe3+ 69. Kg2 axb6 70. Qxh4+ Kg6 71. Qg4+
Kf6 72. Qh4+ Kg6 73. Qg4+ Kf6 74. Qh4+ Kg6 1/2-1/2

[Event "1.Spand. W-Open 2015"]
[Site "Berlin"]
[Date "2015.12.29"]
[Round "5.12"]
[White "Venske, Kai-Gerrit"]
[Black "Scheide, Helmut"]
[Result "1/2-1/2"]
[WhiteElo "2145"]
[BlackElo "1948"]
[PlyCount "36"]
[EventDate "2015.??.??"]
[WhiteTeam "SC Weisse Dame e.V."]
[BlackTeam "USV Potsdam e.V., Abt. Schach"]

1. e4 e5 2. Nf3 Nc6 3. d4 exd4 4. Bc4 Nf6 5. O-O Nxe4 6. Re1 d5 7. Bxd5 Qxd5 8.
Nc3 Qa5 9. Nxe4 Be6 10. Bd2 Qd5 11. Bg5 Be7 12. Bxe7 Nxe7 13. Nxd4 O-O 14. Nc3
Qc5 15. Na4 Qg5 16. Rxe6 fxe6 17. Nxe6 Qh4 18. Nxf8 Rxf8 1/2-1/2

[Event "1.Spand. W-Open 2015"]
[Site "Berlin"]
[Date "2015.12.27"]
[Round "1.18"]
[White "Voigt, Sebastian"]
[Black "Al Hassan, Jomaa"]
[Result "0-1"]
[WhiteElo "1519"]
[BlackElo "2033"]
[PlyCount "55"]
[EventDate "2015.??.??"]
[WhiteTeam "SC Zitadelle Spandau 1977 e.V."]
[BlackTeam "Syrien"]
[BlackTeamCountry "SYR"]

1. d4 Nf6 2. c4 e6 3. Nf3 b6 4. Nc3 Bb7 5. Bg5 d5 6. e3 Be7 7. Bd3 Nbd7 8. O-O
O-O 9. Rc1 c5 10. cxd5 exd5 11. Re1 Re8 12. Bb1 Ne4 13. Bxe7 Rxe7 14. dxc5
Ndxc5 15. b4 Ne6 16. Ne2 Nf8 17. Nfd4 a6 18. Bxe4 dxe4 19. Qd2 Rd7 20. Rc3 Qf6
21. Rec1 Rad8 22. Rc7 Ng6 23. Rxd7 Rxd7 24. Rc3 h6 25. h3 Ne5 26. Nc1 Nf3+ 27.
gxf3 Qg6+ 28. Kf1 0-1

[Event "1.Spand. W-Open 2015"]
[Site "Berlin"]
[Date "2015.12.29"]
[Round "5.14"]
[White "Vollbrecht, Lars"]
[Black "Al Hassan, Jomaa"]
[Result "0-1"]
[WhiteElo "1880"]
[BlackElo "2033"]
[PlyCount "54"]
[EventDate "2015.??.??"]
[WhiteTeam "SF Siemensstadt"]
[BlackTeam "Syrien"]
[BlackTeamCountry "SYR"]

1. e4 c5 2. Nf3 d6 3. d4 cxd4 4. Nxd4 Nf6 5. Nc3 a6 6. Be2 e5 7. Nf3 Be6 8. O-O
Be7 9. h3 h6 10. Be3 Nbd7 11. Bd3 Qc7 12. Rc1 Nb6 13. Nd2 g5 14. Be2 Nc4 15.
Nxc4 Bxc4 16. Re1 b5 17. a3 Be6 18. Rf1 Rc8 19. Re1 Qc6 20. f3 Bd8 21. g4 Bb6
22. Bxb6 Qxb6+ 23. Kg2 h5 24. Qd2 hxg4 25. hxg4 Rh2+ 26. Kxh2 Qf2+ 27. Kh1 Ke7
0-1

[Event "1.Spand. W-Open 2015"]
[Site "Berlin"]
[Date "2015.12.29"]
[Round "6.11"]
[White "Warnke, Klaus"]
[Black "Riedel, Hartmut"]
[Result "0-1"]
[WhiteElo "1700"]
[BlackElo "2177"]
[PlyCount "54"]
[EventDate "2015.??.??"]
[WhiteTeam "Ohtmisser SV"]
[BlackTeam "SC Zitadelle Spandau 1977 e.V."]

1. c4 Nf6 2. Nc3 g6 3. g3 Bg7 4. Bg2 O-O 5. d3 c5 6. e4 d6 7. Nge2 Nc6 8. O-O
Ne8 9. Be3 Nc7 10. Qd2 Ne6 11. f4 Ned4 12. Rab1 Rb8 13. a3 b5 14. cxb5 Nxb5 15.
Nxb5 Rxb5 16. e5 Bd7 17. Bxc6 Bxc6 18. d4 Ba8 19. Nc3 Rb3 20. dxc5 Qc7 21. cxd6
exd6 22. Rfc1 Qb7 23. Kf2 dxe5 24. Rg1 exf4 25. Bd4 Rxc3 26. bxc3 Qf3+ 27. Ke1
Re8+ 0-1